Statistics for Guess the Taylor Swift Song (no hints) 85

Click here to take the quiz!

General Stats

  • This quiz has been taken 45 times
  • The average score is 303 of 431

Answer Stats

Answer% Correct
I
100%
a
95%
the
95%
You
95%
you
95%
and
93%
And
93%
it
93%
be
90%
is
90%
Is
90%
it's
90%
all
88%
All
88%
me
88%
me,
88%
your
88%
In
86%
in
86%
On
86%
where
86%
by
83%
I'm
83%
like
83%
my
83%
No
83%
No,
83%
was
83%
When
83%
when
83%
of
81%
That
81%
that
81%
this
81%
to
81%
we're
81%
Who
81%
But
79%
do
79%
for
79%
there
79%
There
79%
too
79%
can
76%
can't
76%
with
76%
just
74%
see
74%
at
71%
because
71%
go
71%
had
71%
know
71%
Oh,
71%
one
71%
what
71%
every
69%
From
69%
from
69%
I've
69%
mine
69%
now
69%
our
69%
did
67%
think
67%
want
67%
didn't
64%
happiness
64%
look
64%
night
64%
these
64%
eyes
62%
him
60%
into
60%
things
60%
after
57%
After
57%
away
57%
up
57%
haven't
55%
head
55%
make
55%
new
55%
right
55%
would've
55%
down
52%
get
52%
great
52%
light
52%
she'll
52%
Tell
52%
There'll
52%
true
52%
yet
52%
Both
50%
fool
50%
give
50%
history
50%
hope
50%
hurt
50%
hurt?
50%
leave
50%
Leave
50%
loved
50%
mean
50%
next
50%
spot
50%
takes
50%
through
50%
behind
48%
believe
48%
deepest
48%
dress
48%
met
48%
Past
48%
rain
48%
smile
48%
smirk?
48%
Sorry,
48%
winning
48%
wore
48%
above
45%
acid
45%
beautiful
45%
best
45%
divide
45%
facts
45%
forgiveness
45%
fury
45%
glorious
45%
goddamn
45%
good
45%
Honey,
45%
lay
45%
lifetime
45%
making
45%
man
45%
midnight
45%
pillow
45%
start
45%
trees
45%
used
45%
years
45%
Across
43%
Begin
43%
body
43%
fake
43%
green
43%
guess
43%
heaven
43%
leak
43%
pay
43%
price
43%
seven
43%
shit
43%
sunrise
43%
teaches
43%
villain
43%
blood
40%
bruise
40%
curses
40%
dividing
40%
face
40%
flickers
40%
given
40%
hiding
40%
hurts
40%
lessons
40%
music
40%
niceties
40%
pointed
40%
pulled
40%
reinvention
40%
Showed
40%
spots
40%
stopped
40%
weapons
40%
Beyond
38%
dancing
38%
Dappled
38%
disbelief
38%
giving
38%
Haunted
38%
nightfall
38%
terror
38%
cries
36%

Score Distribution

Percentile by Number Answered

Percent of People with Each Score

Your Score History

You have not taken this quiz